The Cambridge English Course : Teacher's Book. vol. 2 /
Đã lưu trong:
| Hovedforfatter: | |
|---|---|
| Andre forfattere: | |
| Format: | Sách giấy |
| Sprog: | English |
| Udgivet: |
Cambridge :
Cambridge University,
1985
|
| Tags: |
Tilføj Tag
Ingen Tags, Vær først til at tagge denne postø!
|
| Thư viện lưu trữ: | Thư viện Trường Đại học Đà Lạt |
|---|
| LEADER | 00615nam a2200241 4500 | ||
|---|---|---|---|
| 001 | DLU020001172 | ||
| 005 | ##1/23/1999 | ||
| 041 | # | # | |a eng |
| 082 | # | # | |a 428.007 |b SW-M |
| 100 | # | # | |a Swan, Michael |
| 245 | # | # | |a The Cambridge English Course : |b Teacher's Book. |n vol. 2 / |c Michael Swan, Catherine Walter |
| 260 | # | # | |a Cambridge : |b Cambridge University, |c 1985 |
| 300 | # | # | |a IX, 185 tr.; |c 25 cm. |
| 700 | # | # | |a Walter, Catherine |
| 992 | # | # | |a 25000 |
| 994 | # | # | |a DLU |
| 900 | # | # | |a False |
| 911 | # | # | |a Administrator |
| 925 | # | # | |a G |
| 926 | # | # | |a A |
| 927 | # | # | |a SH |
| 980 | # | # | |a Thư viện Trường Đại học Đà Lạt |